000 00806nam a22002657a 4500
001 BR8003976
003 BR-BrBNA
005 20230928090639.0
007 ta
008 230509b bl.||||| |||| 00| 0 por d
040 _aBR-BrBNA
_bpor
_cBiblioteca Nacional de Agricultura
041 _a(Por)
072 _aP12
_b/G514
090 _ P12 BR8003976
110 1 _aRainbow Carborundum S.A., Vinhedo, SP (Brasil)
_98128
245 1 _aInformacao Tecnica Rainbow. Novos produtos: mini-combo, aspersor, canhao 220 setorial [Irrigacao por aspersao; Brasil]
260 3 _aVinhedo, SP (Brasil):
_c[nd].
300 _a21 p.
500 _a10 illus.; Published 1980?
650 _aIRRIGACAO
650 _aASPERSOR
650 _aIRRIGACAO POR ASPERSAO
909 _a202309
_bLucia
_c55
_dLucia Elande
942 _cBK
999 _c29816
_d29816